<?xml version="1.0" encoding="UTF-8"?><?xml-stylesheet type="text/xsl" href="static/style.xsl"?><OAI-PMH xmlns="http://www.openarchives.org/OAI/2.0/" xmlns:xsi="http://www.w3.org/2001/XMLSchema-instance" xsi:schemaLocation="http://www.openarchives.org/OAI/2.0/ http://www.openarchives.org/OAI/2.0/OAI-PMH.xsd"><responseDate>2026-04-26T20:31:41Z</responseDate><request verb="GetRecord" identifier="oai:uvadoc.uva.es:10324/6152" metadataPrefix="marc">https://uvadoc.uva.es/oai/request</request><GetRecord><record><header><identifier>oai:uvadoc.uva.es:10324/6152</identifier><datestamp>2021-06-29T10:18:21Z</datestamp><setSpec>com_10324_38</setSpec><setSpec>col_10324_852</setSpec></header><metadata><record xmlns="http://www.loc.gov/MARC21/slim" xmlns:doc="http://www.lyncode.com/xoai" xmlns:xsi="http://www.w3.org/2001/XMLSchema-instance" xmlns:dcterms="http://purl.org/dc/terms/" xsi:schemaLocation="http://www.loc.gov/MARC21/slim http://www.loc.gov/standards/marcxml/schema/MARC21slim.xsd">
<leader>00925njm 22002777a 4500</leader>
<datafield tag="042" ind1=" " ind2=" ">
<subfield code="a">dc</subfield>
</datafield>
<datafield tag="720" ind1=" " ind2=" ">
<subfield code="a">Vaticón Fernández, José Antonio</subfield>
<subfield code="e">author</subfield>
</datafield>
<datafield tag="260" ind1=" " ind2=" ">
<subfield code="c">2014</subfield>
</datafield>
<datafield tag="520" ind1=" " ind2=" ">
<subfield code="a">Este trabajo trata sobre la Comunidad de Bienes, regulada en el los artículos 396 al 406&#xd;
del Código Civil.&#xd;
Las características que definen a una Comunidad Bienes son las siguientes:&#xd;
1. No tiene personalidad jurídica propia.&#xd;
2. Hace falta un contrato privado para poder ejercer la actividad.&#xd;
3. No se exige una aportación mínima de dinero.&#xd;
4. Se exige un mínimo de dos socios.&#xd;
5. La responsabilidad hacia terceros es ilimitada.&#xd;
En conclusión, la Comunidad de Bienes no es la forma ideal de creación de una empresa&#xd;
por todos los inconvenientes que conlleva su no personalidad jurídica.</subfield>
</datafield>
<datafield tag="024" ind2=" " ind1="8">
<subfield code="a">http://uvadoc.uva.es/handle/10324/6152</subfield>
</datafield>
<datafield ind1=" " ind2=" " tag="653">
<subfield code="a">Comunidad de bienes-Derecho-España</subfield>
</datafield>
<datafield tag="245" ind1="0" ind2="0">
<subfield code="a">La comunidad de bienes como forma jurídica de empresa</subfield>
</datafield>
</record></metadata></record></GetRecord></OAI-PMH>